LEADER 03378nam 22006253 450 001 9910350198103321 005 20250709001644.0 010 $a9782759228355 010 $a2759228355 024 7 $a10.35690/978-2-7592-2835-5 035 $a(CKB)4100000005469317 035 $a(OAPEN)1006178 035 $a(MiAaPQ)EBC6734054 035 $a(Au-PeEL)EBL6734054 035 $a(OCoLC)1289371568 035 $a(oapen)https://directory.doabooks.org/handle/20.500.12854/31313 035 $a(PPN)24969879X 035 $a(Perlego)3798275 035 $a(oapen)doab31313 035 $a(EXLCZ)994100000005469317 100 $a20220207d2018 uy 0 101 0 $aeng 135 $auuuuu---auuuu 181 $ctxt$2rdacontent 182 $cc$2rdamedia 183 $acr$2rdacarrier 200 10$aBioeconomy Challenges and Implementation 210 $céditions Quae$d2018 210 1$aVersailles :$cQuae,$d2018. 210 4$d©2021. 215 $a1 online resource (104 pages) 225 1 $aMatière à débattre et Décider 327 $aIntro -- Table des matières -- Bioeconomy challenges and implementation: the European research organisations' perspective -- Introduction -- Chapter 1 - Bioeconomy, food and nutrition security -- Chapter 2 - Education for complex problem solving - Is problem-based learning one answer to today's higher education challenges? Case study: a Danish university -- Chapter 3 - Opportunities and challenges in implementing a bioeconomy strategy: the university perspective -- Chapter 4 - Innovative education for the biobased economy -- Chapter 5 - The role and impact of university research on the bioeconomy in Romania -- Chapter 6 - Unleashing regional bioeconomy potential: the BioEconomy Regional Strategy Toolkit -- Chapter 7 - Restructuring research institutions in view of emerging trends in agricultural research and the bioeconomy: from knowledge to social innovation -- Chapter 8 - Innovation and social sciences and humanities in agricultural research -- Conclusion -- The authors. 330 $aThis book focuses on opportunities and challenges in implementing a bioeconomy strategy from a research and education perspective. It draws on contributions presented during the 30th EURAGRI annual conference held in Tartu (Estonia) in September 2016, as well as on other workshops organised as part of EURAGRI. EURAGRI is an informal gathering of EU research and higher education organisations and ministries interested in agri-food research. It works as a platform of exchange and discussion on topics of common interest pertaining to the organisation, orientation and outlook of agri-food research in Europe in connection with global changes. 410 0$aMatière à débattre et Décider 606 $aAgricultural economics$2bicssc 610 $aagriculture 610 $aeconomics 610 $afood 610 $afood security 610 $aEurope 610 $aagronomy 610 $alearning 610 $aagroalimentaire 615 7$aAgricultural economics 700 $aBergeret$b Pascal$01075683 701 $aSvedin$b Uno$f1943-$0733504 701 $aValceschini$b Egizio$089381 801 0$bMiAaPQ 801 1$bMiAaPQ 801 2$bMiAaPQ 906 $aBOOK 912 $a9910350198103321 996 $aBioeconomy Challenges and Implementation$92585509 997 $aUNINA